[Event "13sen.WMH 2003 Senioren"]
[Site "Bad Zwischenahn(17.11.-29.11.2003)"]
[Date "2003.11.29"]
[Round "9"]
[White "Krause, Armin"]
[Black "Stock, Hugo"]
[Result "0-1"]
[WhiteElo "1309"]
[BlackElo "1614"]
[PlyCount "82"]


1. e4 c5 2. Nc3 Nc6 3. Bc4 e6 4. d3 g6 5. Bd2 Bg7 6. Nf3 Nge7 7. a3 a6 8. Rb1
b5 9. Bb3 O-O 10. O-O Qc7 11. Qc1 Ne5 12. Nxe5 Bxe5 13. g3 d6 14. Ne2 Bb7 15.
Bf4 Bg7 16. Bh6 Rae8 17. Bxg7 Kxg7 18. Nf4 Rh8 19. Bxe6 h5 20. Bh3 d5 21. Bg2
dxe4 22. dxe4 h4 23. Qe3 Bc8 24. Rbd1 Qe5 25. c3 c4 26. Rd2 g5 27. Nd5 hxg3 28.
fxg3 Rh6 29. Nxe7 Rxe7 30. Rd5 Qxd5 31. Qf3 Qe5 32. Qe3 Bb7 33. Qd2 Rd6 34. Qc1
Qc5+ 35. Kh1 Bxe4 36. Bxe4 Rxe4 37. Qc2 Rde6 38. Qd2 Re2 39. Qd7 Qc6+ 40. Qxc6
Rxc6 41. Kg1 Rxb2 0-1

[Event "13sen.WMH 2003 Senioren"]
[Site "Bad Zwischenahn(17.11.-29.11.2003)"]
[Date "2003.11.29"]
[Round "9"]
[White "Luebbers, Doris,Dr."]
[Black "Budde, Reinhard"]
[Result "1/2-1/2"]
[WhiteElo "1308"]
[BlackElo "1575"]
[PlyCount "67"]


1. d4 Nf6 2. Nf3 d6 3. e3 g6 4. b3 Bg7 5. Bb2 O-O 6. Be2 Bg4 7. O-O Nbd7 8. Ne1
Bxe2 9. Qxe2 c6 10. c4 Re8 11. Nf3 Qc7 12. Nc3 e5 13. dxe5 dxe5 14. e4 Rad8 15.
Rad1 a5 16. Qc2 Nc5 17. Rxd8 Rxd8 18. Re1 Qe7 19. Re2 Qc7 20. Rd2 Rxd2 21. Nxd2
Qd7 22. f3 Qd4+ 23. Kf1 Qd8 24. Ne2 Nh5 25. Bc3 Qh4 26. Kg1 Nf4 27. Nxf4 Qxf4
28. Nf1 Qg5 29. Qd2 Qxd2 30. Bxd2 Bf8 31. Kf2 Ne6 32. Be3 b5 33. cxb5 cxb5 34.
Nd2 1/2-1/2

[Event "13sen.WMH 2003 Senioren"]
[Site "Bad Zwischenahn(17.11.-29.11.2003)"]
[Date "2003.11.29"]
[Round "9"]
[White "Luecke, Volkmar"]
[Black "Loesche, Heinz"]
[Result "1/2-1/2"]
[WhiteElo "1878"]
[BlackElo "1784"]
[PlyCount "72"]


1. Nf3 Nf6 2. g3 g6 3. Bg2 Bg7 4. O-O O-O 5. d4 d6 6. b3 c6 7. Bb2 a5 8. c4 Na6
9. Nbd2 Bg4 10. h3 Bxf3 11. Bxf3 Qd7 12. Kh2 e6 13. e4 Rad8 14. Qe2 c5 15. Rfd1
cxd4 16. Bxd4 Ng4+ 17. hxg4 Bxd4 18. Rac1 Nb4 19. Nf1 Nc6 20. c5 Qe7 21. cxd6
Rxd6 22. Bg2 Rfd8 23. f4 Qd7 24. Kh3 Bg7 25. Rxd6 Qxd6 26. e5 Qa3 27. Rc4 Nb4
28. Bxb7 Nxa2 29. Ra4 Qxb3 30. Qxa2 Qxb7 31. Rxa5 Bf8 32. Qg2 Qb1 33. Ra2 Rd1
34. Nh2 Rg1 35. Qc2 Qxc2 36. Rxc2 Rd1 1/2-1/2

[Event "13sen.WMH 2003 Senioren"]
[Site "Bad Zwischenahn(17.11.-29.11.2003)"]
[Date "2003.11.29"]
[Round "9"]
[White "Merettig, Georg"]
[Black "Aigner, Georg"]
[Result "1-0"]
[WhiteElo "1816"]
[BlackElo "1806"]
[PlyCount "67"]


1. Nf3 d5 2. b3 Nf6 3. Bb2 e6 4. d4 c5 5. g3 Nc6 6. e3 Be7 7. Bg2 Qc7 8. O-O
Ng4 9. c4 O-O 10. cxd5 exd5 11. dxc5 Bxc5 12. Qxd5 Bxe3 13. fxe3 Be6 14. Qc5
Qd7 15. h3 Nh6 16. Nbd2 Bxh3 17. Ne4 Bf5 18. Rad1 Qe6 19. Qc3 f6 20. Nc5 Qe7
21. Nh4 Bg4 22. Rd2 Rac8 23. Bd5+ Kh8 24. Ne4 Ne5 25. Qd4 b6 26. Rdf2 Bh3 27.
Re1 Nhg4 28. Nf5 Qc7 29. Rf4 Qc2 30. Nd2 Nd3 31. Rxg4 Qxd2 32. Rxg7 Rc2 33.
Rg8+ Rxg8 34. Qxf6+ 1-0

[Event "13sen.WMH 2003 Senioren"]
[Site "Bad Zwischenahn(17.11.-29.11.2003)"]
[Date "2003.11.29"]
[Round "9"]
[White "Michaelis, Ernst"]
[Black "Bernhoeft, Erhard"]
[Result "0-1"]
[WhiteElo "1820"]
[BlackElo "1947"]
[PlyCount "58"]


1. e4 c5 2. Nf3 e6 3. c3 Nf6 4. e5 Nd5 5. Bc4 Nb6 6. Bb3 d6 7. d4 cxd4 8. cxd4
dxe5 9. Nxe5 Be7 10. O-O O-O 11. Qe2 N8d7 12. Nc3 Nf6 13. Rd1 Nbd5 14. Ne4 Nxe4
15. Qxe4 Qd6 16. Bc2 f5 17. Qe2 b6 18. f4 Bb7 19. a3 Rf6 20. g4 fxg4 21. Nxg4
Rxf4 22. Bxf4 Nxf4 23. Qe3 Qd5 24. Be4 Qxe4 25. Qxe4 Bxe4 26. Nf2 Bd5 27. Rd2
Bf6 28. Rc1 Bxd4 29. Kf1 Be3 0-1

[Event "13sen.WMH 2003 Senioren"]
[Site "Bad Zwischenahn(17.11.-29.11.2003)"]
[Date "2003.11.29"]
[Round "9"]
[White "Niebaum, Karl"]
[Black "Burreh, Heinz"]
[Result "1/2-1/2"]
[WhiteElo "1798"]
[BlackElo "1777"]
[PlyCount "54"]


1. d4 d5 2. Nf3 Nf6 3. Bg5 Nbd7 4. e3 e6 5. Bd3 c5 6. c3 c4 7. Bc2 Be7 8. Nbd2
O-O 9. O-O h6 10. Bh4 Nh7 11. Bxe7 Qxe7 12. e4 b5 13. Re1 Bb7 14. e5 a5 15. Re3
Rfb8 16. Ne1 f5 17. f4 Bc6 18. g4 fxg4 19. Qxg4 Ndf8 20. Rg3 Be8 21. f5 exf5
22. Bxf5 Ra6 23. Ng2 Bg6 24. Nf4 Bxf5 25. Qxf5 Rd8 26. Rf1 b4 27. Nh5 Qd7
1/2-1/2

[Event "13sen.WMH 2003 Senioren"]
[Site "Bad Zwischenahn(17.11.-29.11.2003)"]
[Date "2003.11.29"]
[Round "9"]
[White "Ollek, Karl-Heinz"]
[Black "Gensch, Manfred"]
[Result "0-1"]
[WhiteElo "1606"]
[BlackElo "1761"]
[PlyCount "60"]


1. c4 e5 2. Nc3 Bb4 3. Nf3 Nc6 4. e3 Nf6 5. a3 Bxc3 6. bxc3 O-O 7. Be2 d6 8.
O-O h6 9. d4 e4 10. Nd2 Re8 11. Nb3 Nh7 12. c5 Qg5 13. f4 exf3 14. Rxf3 Bg4 15.
Rg3 Bxe2 16. Qxe2 Qd5 17. Qc2 Nf6 18. c4 Qe4 19. Qf2 Qe7 20. cxd6 cxd6 21. Nd2
Rac8 22. a4 Na5 23. Qe2 b6 24. d5 Qe5 25. Ra2 Ne4 26. Rg4 Nc3 27. Qf3 Nxa2 28.
Qh3 Nxc1 29. e4 Qb2 30. Rxg7+ Kxg7 0-1

[Event "13sen.WMH 2003 Senioren"]
[Site "Bad Zwischenahn(17.11.-29.11.2003)"]
[Date "2003.11.29"]
[Round "9"]
[White "Polk, Maria"]
[Black "Groener, Marga"]
[Result "1/2-1/2"]
[WhiteElo "1223"]
[BlackElo "1283"]
[PlyCount "43"]


1. e4 e6 2. g3 d5 3. exd5 exd5 4. Bg2 c6 5. Ne2 Bg4 6. O-O Be7 7. h3 Bxe2 8.
Qxe2 Nf6 9. Nc3 O-O 10. d3 Re8 11. Bf4 Bb4 12. Qd2 Bxc3 13. Qxc3 Nbd7 14. Rae1
Rxe1 15. Rxe1 h6 16. Be5 Qf8 17. a3 Nxe5 18. Rxe5 Re8 19. Rxe8 Qxe8 20. Kf1 a6
21. Qe1 Qxe1+ 22. Kxe1 1/2-1/2

[Event "13sen.WMH 2003 Senioren"]
[Site "Bad Zwischenahn(17.11.-29.11.2003)"]
[Date "2003.11.29"]
[Round "9"]
[White "Poschmann, Hans"]
[Black "Glaser, Heinz-Alfred"]
[Result "1/2-1/2"]
[WhiteElo "1533"]
[BlackElo "1683"]
[PlyCount "130"]


1. d4 d5 2. c4 e5 3. dxe5 d4 4. Nf3 Nc6 5. e3 Bc5 6. exd4 Nxd4 7. Bd3 Bg4 8.
Be4 c6 9. O-O Qc7 10. Qd3 Rd8 11. Nxd4 Bxd4 12. Qc2 Bxe5 13. f4 Bd4+ 14. Kh1
Nf6 15. Nc3 O-O 16. Bf3 Rfe8 17. Bd2 Be3 18. Bxe3 Rxe3 19. Bxg4 Nxg4 20. h3 Nf6
21. Rad1 Rde8 22. Qf2 Nh5 23. Kg1 Qb6 24. Kh2 g6 25. Rd2 Qc7 26. Kg1 Ng3 27.
Rfd1 Qb6 28. Kh2 Qc5 29. Rd8 Rxd8 30. Rxd8+ Kg7 31. Nd1 Nf5 32. Rd3 Qxc4 33.
Rxe3 Nxe3 34. Nxe3 Qxa2 35. Qc2 Qe6 36. Qc3+ f6 37. g4 Qe4 38. Kg3 Qh1 39. Qd2
Qg1+ 40. Ng2 Qb6 41. h4 Qb3+ 42. Ne3 Kf7 43. Kf3 Qe6 44. Qa5 a6 45. Qc7+ Qe7
46. Qxe7+ Kxe7 47. Ke4 Kd6 48. Kd4 c5+ 49. Kc3 b5 50. b3 a5 51. Kb2 Ke6 52. Kc3
Kd6 53. Kd3 Ke6 54. Nd1 f5 55. g5 Kd6 56. Nc3 Kc6 57. Nd1 Kd5 58. Ne3+ Ke6 59.
Nf1 Kd5 60. Nd2 a4 61. bxa4 bxa4 62. Nc4 Kc6 63. Kc3 Kd5 64. Kd3 Kc6 65. Na3
Kd5 1/2-1/2

[Event "13sen.WMH 2003 Senioren"]
[Site "Bad Zwischenahn(17.11.-29.11.2003)"]
[Date "2003.11.29"]
[Round "9"]
[White "Reimann, Wolfgang"]
[Black "Wernitz, Armin"]
[Result "1/2-1/2"]
[WhiteElo "1350"]
[BlackElo "1456"]
[PlyCount "71"]


1. d4 d5 2. Nf3 c6 3. g3 g6 4. Bg2 Bg7 5. O-O Nd7 6. Re1 f5 7. Bf4 Ngf6 8. Ne5
O-O 9. c4 e6 10. Qd2 Ne4 11. Bxe4 fxe4 12. Bh6 Qf6 13. Ng4 Qf7 14. Bxg7 Kxg7
15. Rf1 Nf6 16. Ne5 Qe7 17. f3 Bd7 18. h4 exf3 19. exf3 Rad8 20. c5 Bc8 21. Nc3
Nd7 22. Rae1 Nxe5 23. Rxe5 Rf5 24. Qe3 Rdf8 25. Ne2 R8f6 26. Rxf5 Rxf5 27. Nf4
Qf6 28. Nh3 e5 29. g4 exd4 30. Qd3 Re5 31. g5 Qf5 32. Qxf5 Bxf5 33. Nf4 Re3 34.
Kf2 b6 35. Rc1 b5 36. Rd1 1/2-1/2

[Event "13sen.WMH 2003 Senioren"]
[Site "Bad Zwischenahn(17.11.-29.11.2003)"]
[Date "2003.11.29"]
[Round "9"]
[White "Rettler, Heinz"]
[Black "Perk, Egbert"]
[Result "0-1"]
[WhiteElo "1879"]
[BlackElo "1883"]
[PlyCount "88"]


1. e4 c6 2. d4 d5 3. Nc3 dxe4 4. Nxe4 Nf6 5. Nxf6+ exf6 6. Nf3 Bd6 7. h3 O-O 8.
Be2 Re8 9. O-O Nd7 10. c3 Nf8 11. Bd3 Be6 12. Bd2 Qc7 13. Re1 g5 14. Qc2 Bd5
15. Be4 Bxe4 16. Rxe4 Qd7 17. Rae1 Rxe4 18. Qxe4 Ng6 19. Qe2 h6 20. Kh1 Kg7 21.
Bc1 h5 22. Nh2 Rh8 23. Kg1 g4 24. Qd3 f5 25. Nf1 f4 26. Bd2 Rg8 27. Kh1 Re8 28.
Rxe8 Qxe8 29. hxg4 hxg4 30. Kg1 Qe6 31. c4 Kg8 32. Bc3 Kf8 33. b3 Ke7 34. b4 b5
35. cxb5 Qd5 36. bxc6 f5 37. Qe2+ Kf7 38. b5 f3 39. Qe3 Nf4 40. a4 Qe4 41. a5
Qxe3 42. Nxe3 Ne2+ 43. Kh1 fxg2+ 44. Kxg2 Nxc3 0-1

[Event "13sen.WMH 2003 Senioren"]
[Site "Bad Zwischenahn(17.11.-29.11.2003)"]
[Date "2003.11.29"]
[Round "9"]
[White "Ristic, Sreten"]
[Black "Maugg, Ludwig"]
[Result "0-1"]
[WhiteElo "1772"]
[BlackElo "2043"]
[PlyCount "112"]


1. e4 c5 2. Bc4 e6 3. Nc3 Nc6 4. Nf3 a6 5. a4 d6 6. b3 g6 7. Bb2 Bg7 8. O-O
Nge7 9. Qe2 O-O 10. Nd1 Bxb2 11. Nxb2 d5 12. Bd3 Nb4 13. c3 Nxd3 14. Nxd3 b6
15. e5 Kg7 16. Nde1 Nc6 17. d4 cxd4 18. cxd4 a5 19. Nc2 Ba6 20. Qd2 Bxf1 21.
Rxf1 Re8 22. Ne3 h5 23. h4 Ne7 24. g4 hxg4 25. Nxg4 Nf5 26. Nf6 Rh8 27. Qg5 Qc7
28. Kg2 Kf8 29. Rh1 Ng7 30. Qg4 Qc2 31. Nd7+ Ke7 32. Nxb6 Ra7 33. Qg5+ Ke8 34.
Qf6 Rg8 35. Ng5 Nh5 36. Qf3 Qf5 37. Qxf5 gxf5 38. Rb1 Rb7 39. Rc1 Rxg5+ 40.
hxg5 Rxb6 41. Rc5 Rxb3 42. Rxa5 Nf4+ 43. Kh2 Ne2 44. Ra8+ Ke7 45. g6 fxg6 46.
Ra7+ Kf8 47. a5 Nxd4 48. f4 Ra3 49. a6 Nc6 50. Rc7 Rxa6 51. Kh3 Ke8 52. Kh4 d4
53. Rb7 Ra5 54. Kg5 d3 55. Rb2 Rd5 56. Rd2 Kf7 0-1

[Event "13sen.WMH 2003 Senioren"]
[Site "Bad Zwischenahn(17.11.-29.11.2003)"]
[Date "2003.11.29"]
[Round "9"]
[White "Rodemann, Edmund"]
[Black "Vucenovic, Dragomir"]
[Result "1/2-1/2"]
[WhiteElo "1801"]
[BlackElo "2204"]
[PlyCount "79"]


1. e4 e5 2. Nf3 Nc6 3. Nc3 Nf6 4. g3 d6 5. Bg2 g6 6. O-O Bg4 7. h3 Bxf3 8. Bxf3
Bg7 9. d3 O-O 10. Be3 Ne7 11. d4 exd4 12. Bxd4 Nc6 13. Be3 Nd7 14. Bg2 Nb6 15.
Rb1 Nc4 16. Bc1 Re8 17. Ne2 Nb6 18. c3 Qe7 19. Nd4 Nxd4 20. cxd4 c5 21. dxc5
dxc5 22. b3 Red8 23. Qc2 Rac8 24. h4 h6 25. Rd1 Rxd1+ 26. Qxd1 Rd8 27. Qc2 Nd7
28. Be3 b6 29. Rd1 Ne5 30. Rxd8+ Qxd8 31. Qd2 Qxd2 32. Bxd2 c4 33. f4 cxb3 34.
axb3 Nd3 35. e5 Bf8 36. Kf1 Nc5 37. Bd5 a5 38. Be3 b5 39. Bxc5 Bxc5 40. Bc6
1/2-1/2

[Event "13sen.WMH 2003 Senioren"]
[Site "Bad Zwischenahn(17.11.-29.11.2003)"]
[Date "2003.11.29"]
[Round "9"]
[White "Rudolph, Joachim"]
[Black "Glende, Siegfried"]
[Result "0-1"]
[WhiteElo "1653"]
[BlackElo "1763"]
[PlyCount "50"]


1. f4 g6 2. e3 Bg7 3. Nf3 d6 4. Be2 c6 5. O-O Qb6 6. c3 a5 7. Qb3 Qc7 8. d4 Be6
9. Qc2 Nf6 10. Bd3 Na6 11. Nbd2 Ng4 12. Ne4 f5 13. Ng3 d5 14. Bd2 Nf6 15. Ne5
Ne4 16. Nxe4 fxe4 17. Be2 Bxe5 18. fxe5 O-O-O 19. c4 dxc4 20. Bxc4 Bxc4 21.
Qxc4 b5 22. Qe6+ Kb7 23. Rf7 Rhe8 24. Rxh7 Nc5 25. b4 Nxe6 0-1

[Event "13sen.WMH 2003 Senioren"]
[Site "Bad Zwischenahn(17.11.-29.11.2003)"]
[Date "2003.11.29"]
[Round "9"]
[White "Rueggeberg, Wilhelm"]
[Black "Miessner, Rolf"]
[Result "1-0"]
[WhiteElo "1777"]
[BlackElo "1616"]
[PlyCount "81"]


1. d4 Nf6 2. Nf3 d5 3. c4 c6 4. e3 e6 5. Nc3 Nbd7 6. cxd5 cxd5 7. Be2 Be7 8.
O-O O-O 9. Rb1 b6 10. b4 Bb7 11. a3 Rc8 12. Bb2 Ne8 13. Nb5 a6 14. Nc3 b5 15.
Nd2 Nd6 16. Nb3 Nc4 17. Nc5 Nxc5 18. bxc5 Bc6 19. Bc1 Rb8 20. Bxc4 dxc4 21. f3
Qc7 22. Qc2 Rfd8 23. Rd1 e5 24. d5 Bxc5 25. dxc6 Qxc6 26. Rxd8+ Rxd8 27. Qe4
Qe6 28. g4 g6 29. Kg2 Rd3 30. Ne2 Bxa3 31. Bxa3 Rxa3 32. Rd1 Rd3 33. Rxd3 cxd3
34. Qxd3 Kg7 35. Kg3 h6 36. h4 h5 37. g5 f6 38. Qd8 fxg5 39. hxg5 b4 40. Qc7+
Kf8 41. Qb8+ 1-0

[Event "13sen.WMH 2003 Senioren"]
[Site "Bad Zwischenahn(17.11.-29.11.2003)"]
[Date "2003.11.29"]
[Round "9"]
[White "Samarian, Cornel"]
[Black "Brandt, Fred"]
[Result "1-0"]
[WhiteElo "1592"]
[BlackElo "1641"]
[PlyCount "75"]


1. d4 d5 2. Nf3 e6 3. e3 Nf6 4. Nbd2 Bd6 5. Bd3 Nbd7 6. O-O O-O 7. e4 Re8 8. e5
Be7 9. exf6 Nxf6 10. Re1 Nd7 11. c3 c6 12. Nf1 Bd6 13. Bd2 h6 14. Ng3 Nf6 15.
Ne5 Qc7 16. Nh5 Qe7 17. Re3 Kh8 18. Rh3 Ne4 19. Bxe4 dxe4 20. Qe2 Bxe5 21. dxe5
Rd8 22. Ng3 Rd5 23. Nxe4 Rxe5 24. Re3 b6 25. c4 Ba6 26. Bc3 Rf5 27. g4 Rf4 28.
Be5 Rxg4+ 29. Qxg4 f5 30. Qe2 fxe4 31. Rg3 Rg8 32. Qe3 Qh4 33. b3 Kh7 34. Kh1
Bb7 35. Rag1 g5 36. c5 bxc5 37. Rh3 Qxh3 38. Qxh3 1-0

[Event "13sen.WMH 2003 Senioren"]
[Site "Bad Zwischenahn(17.11.-29.11.2003)"]
[Date "2003.11.29"]
[Round "9"]
[White "Schlag, Franz"]
[Black "Trifunovic, Dusan"]
[Result "0-1"]
[WhiteElo "1976"]
[BlackElo "1869"]
[PlyCount "102"]


1. e4 e5 2. Nc3 Nc6 3. g3 Nf6 4. Bg2 Bc5 5. Na4 Be7 6. Ne2 d6 7. O-O O-O 8. d4
Bd7 9. Nac3 Qc8 10. d5 Nb8 11. f4 Bh3 12. f5 Bxg2 13. Kxg2 Nbd7 14. Ng1 c6 15.
Bg5 Nxd5 16. Nxd5 Bxg5 17. Qg4 cxd5 18. Qxg5 f6 19. Qd2 d4 20. Nf3 Qc6 21. Qe2
Rac8 22. Rac1 d5 23. Rfe1 dxe4 24. Qxe4 Qxe4 25. Rxe4 Rc6 26. Re2 Rfc8 27. Rd2
Nb6 28. b3 Nd5 29. Ne1 Ne3+ 30. Kf2 Nxf5 31. g4 Nd6 32. Kg1 Kf7 33. h4 Rc3 34.
Rg2 b5 35. Rd1 g6 36. Rd3 b4 37. Rxc3 bxc3 38. h5 g5 39. Rf2 Ke6 40. Kf1 e4 41.
Re2 Kd5 42. a4 a5 43. Kf2 f5 44. gxf5 Nxf5 45. Kg2 Nh4+ 46. Kg3 Rf8 47. h6 Rf4
48. Rh2 Ke5 49. Rh1 Rf6 50. Kg4 Rxh6 51. Kxg5 Rg6+ 0-1

[Event "13sen.WMH 2003 Senioren"]
[Site "Bad Zwischenahn(17.11.-29.11.2003)"]
[Date "2003.11.29"]
[Round "9"]
[White "Schneider, Miloca"]
[Black "Springer, Artur"]
[Result "1/2-1/2"]
[WhiteElo "1818"]
[BlackElo "1832"]
[PlyCount "25"]


1. d4 Nf6 2. c4 g6 3. Nc3 d5 4. cxd5 Nxd5 5. e3 Bg7 6. Bd3 O-O 7. Nf3 c5 8.
Nxd5 Qxd5 9. e4 Qd8 10. dxc5 Qa5+ 11. Bd2 Qxc5 12. Rc1 Qd6 13. Bc3 1/2-1/2

[Event "13sen.WMH 2003 Senioren"]
[Site "Bad Zwischenahn(17.11.-29.11.2003)"]
[Date "2003.11.29"]
[Round "9"]
[White "Schoerghuber, Kurt"]
[Black "Krawinkel, Hans-Werner"]
[Result "1/2-1/2"]
[WhiteElo "1702"]
[BlackElo "1756"]
[PlyCount "89"]


1. e4 c5 2. Nc3 Nc6 3. f4 d6 4. Bb5 Bd7 5. d3 e6 6. Nge2 a6 7. Bxc6 Bxc6 8. O-O
Be7 9. Ng3 b5 10. f5 Nf6 11. Nh5 O-O 12. Nxf6+ Bxf6 13. Qh5 Bd4+ 14. Kh1 exf5
15. exf5 g6 16. Qh3 Bd7 17. g4 Re8 18. Qf3 Rc8 19. Nd5 g5 20. h4 gxh4 21. c3
Be5 22. g5 Bc6 23. c4 Kh8 24. Qh5 Rf8 25. Bd2 Bxb2 26. Rab1 Be5 27. Qxh4 Bxd5+
28. cxd5 Qd7 29. Rf3 f6 30. g6 Rg8 31. Rg1 Qb7 32. Bh6 Rc7 33. g7+ Rcxg7 34.
Bxg7+ Rxg7 35. Rxg7 Qxg7 36. Rh3 Qf7 37. Qe4 a5 38. Kg2 Qg8+ 39. Kf2 Qg5 40.
Ke2 b4 41. Rh4 a4 42. Rg4 Qh5 43. Kd1 Qh2 44. Rg2 Qh5+ 45. Kc2 1/2-1/2

[Event "13sen.WMH 2003 Senioren"]
[Site "Bad Zwischenahn(17.11.-29.11.2003)"]
[Date "2003.11.29"]
[Round "9"]
[White "Schubert, Hans-Joachim[36AUT]"]
[Black "Kaner, Klim"]
[Result "1-0"]
[WhiteElo "1805"]
[BlackElo "1911"]
[PlyCount "55"]


1. e4 g6 2. d4 Bg7 3. Be2 d6 4. Be3 Nc6 5. c3 e5 6. d5 Nce7 7. f4 f5 8. Nd2
exf4 9. Bxf4 Nf6 10. Bf3 fxe4 11. Nxe4 Nxe4 12. Bxe4 O-O 13. Ne2 Bg4 14. O-O
Qd7 15. Qd3 Nf5 16. h3 Bxe2 17. Qxe2 Rae8 18. Rae1 Rf7 19. Qd3 h6 20. g4 Nh4
21. Bg3 Rxf1+ 22. Rxf1 g5 23. Bxh4 gxh4 24. Bf5 Qe7 25. Be6+ Kh8 26. Qg6 Rf8
27. Rxf8+ Bxf8 28. Qg8# 1-0

[Event "13sen.WMH 2003 Senioren"]
[Site "Bad Zwischenahn(17.11.-29.11.2003)"]
[Date "2003.11.29"]
[Round "9"]
[White "Schuler, Georg[29Baling]"]
[Black "Petzold, Hilmar"]
[Result "1-0"]
[WhiteElo "1847"]
[BlackElo "1951"]
[PlyCount "106"]


1. c4 Nf6 2. Nc3 g6 3. g3 Bg7 4. Bg2 O-O 5. d4 d6 6. Nf3 Nbd7 7. O-O e5 8. e4
c6 9. d5 cxd5 10. exd5 Nc5 11. Bg5 h6 12. Be3 b6 13. a4 a5 14. Nb5 Ne8 15. Ra3
f5 16. Nh4 Kh7 17. Bc1 Nf6 18. Nf3 Qe7 19. Re1 Bd7 20. Nfd4 Rf7 21. Ne6 Bh8 22.
Qd2 Ng8 23. Ned4 Re8 24. Nc6 Qf6 25. b4 axb4 26. Qxb4 Bg7 27. Nc7 Bxc6 28. Nxe8
Bxe8 29. Qxb6 Nxa4 30. Be3 Bd7 31. Qa5 f4 32. Ba7 Qe7 33. gxf4 Be8 34. Be3 Qd7
35. Bc1 Ne7 36. Bh3 Nf5 37. fxe5 Bxe5 38. Qd2 Nc5 39. Bxf5 Qxf5 40. Qxh6+ Kg8
41. Qe3 Rh7 42. f4 Qg4+ 43. Kh1 Qh4 44. Ra2 Bd7 45. fxe5 Bf5 46. Ra8+ Kg7 47.
Ra7+ Kg8 48. Rxh7 Kxh7 49. exd6 Ne4 50. Rf1 Nxd6 51. Rf4 Qf6 52. c5 Nc4 53.
Rxc4 Be4+ 1-0

[Event "13sen.WMH 2003 Senioren"]
[Site "Bad Zwischenahn(17.11.-29.11.2003)"]
[Date "2003.11.29"]
[Round "9"]
[White "Semmler, Guenter"]
[Black "Giering, Gregor"]
[Result "1-0"]
[WhiteElo "1951"]
[BlackElo "1752"]
[PlyCount "151"]


1. Nf3 Nc6 2. d4 d5 3. e3 Nf6 4. c4 Bg4 5. Be2 dxc4 6. Qa4 e6 7. Qxc4 Qd5 8.
Nbd2 Bb4 9. O-O Bxd2 10. Qxd5 Nxd5 11. Bxd2 O-O 12. Rfc1 Rac8 13. Rc5 Nf6 14.
Rac1 Ne4 15. R5c2 Nxd2 16. Rxd2 Ne7 17. Rdc2 c6 18. b4 Bf5 19. Rb2 Bg4 20. h3
Bxf3 21. Bxf3 h6 22. g3 Rfd8 23. b5 cxb5 24. Rxc8 Nxc8 25. Bxb7 Nd6 26. Ba6 Rb8
27. a4 b4 28. a5 Ne4 29. Bd3 Nc3 30. Kf1 Nd5 31. Ke1 Ne7 32. Kd2 Nc6 33. a6 Rb6
34. Kc2 Nb8 35. Kb3 Nxa6 36. Ra2 Nb8 37. Rxa7 g6 38. Ra4 Nc6 39. Ra6 Rxa6 40.
Bxa6 Kf8 41. Bb5 Nd8 42. Kxb4 Ke7 43. e4 f6 44. f4 Nf7 45. e5 fxe5 46. dxe5 g5
47. Bd3 gxf4 48. gxf4 Nh8 49. Kc5 h5 50. h4 Kd7 51. Bh7 Kc7 52. Kb5 Kd7 53. Kb6
Nf7 54. Bg6 Nh6 55. Bd3 Ng4 56. Bg6 Nh6 57. Kb7 Ng8 58. Bxh5 Nh6 59. Bg6 Ng8
60. Bd3 Nh6 61. h5 Ng8 62. Bb5+ Ke7 63. Kc7 Nh6 64. Bd3 Ng8 65. Bh7 Nh6 66. Kc6
Ng4 67. Kc5 Ne3 68. Kd4 Nd5 69. Ke4 Kf7 70. h6 Ne7 71. Kf3 Nd5 72. Kg4 Kf8 73.
Kg5 Kf7 74. Bg6+ Kg8 75. Be4 Nc3 76. Bd3 1-0

[Event "13sen.WMH 2003 Senioren"]
[Site "Bad Zwischenahn(17.11.-29.11.2003)"]
[Date "2003.11.29"]
[Round "9"]
[White "Spindler, Egbert"]
[Black "Bergmann, Hans-Dieter"]
[Result "1-0"]
[WhiteElo "1771"]
[BlackElo "1595"]
[PlyCount "72"]


1. d4 Nf6 2. Nf3 d6 3. g3 g6 4. Bg2 Bg7 5. O-O c6 6. b3 O-O 7. Bb2 Nbd7 8. Nbd2
Rb8 9. c4 Ng4 10. h3 Nh6 11. Qc2 Re8 12. Rfe1 d5 13. Rac1 Nb6 14. e4 dxe4 15.
Nxe4 Nf5 16. Rcd1 Nd6 17. Ned2 Bf5 18. Qc1 Nbc8 19. a4 b5 20. axb5 cxb5 21. c5
Qd7 22. cxd6 Bxh3 23. dxe7 Nxe7 24. Ne5 Bxe5 25. dxe5 Rbc8 26. Qa1 Bxg2 27.
Kxg2 Rc2 28. Nf3 Qg4 29. Rd4 Qe6 30. Ba3 Nf5 31. Rd3 Qb6 32. Rf1 b4 33. Bb2 Qb5
34. Rd2 Rec8 35. Rfd1 Qb6 36. Qb1 Qc6 1-0

[Event "13sen.WMH 2003 Senioren"]
[Site "Bad Zwischenahn(17.11.-29.11.2003)"]
[Date "2003.11.29"]
[Round "9"]
[White "Steinbach, Horst"]
[Black "Mueller, Hartmut Dieter"]
[Result "1/2-1/2"]
[WhiteElo "1497"]
[BlackElo "1425"]
[PlyCount "45"]


1. e4 c5 2. Nf3 Nc6 3. d4 cxd4 4. Nxd4 e6 5. Be2 Nf6 6. Nxc6 bxc6 7. e5 Qa5+ 8.
Nc3 Qxe5 9. O-O Bd6 10. g3 Be7 11. Bf4 Qa5 12. a3 e5 13. b4 Qc7 14. Bg5 Rb8 15.
Bxf6 Bxf6 16. Ne4 Be7 17. c4 a6 18. c5 O-O 19. Bc4 Bb7 20. Qd2 Rbd8 21. Rad1
Kh8 22. Rfe1 f6 23. Qe3 1/2-1/2

[Event "13sen.WMH 2003 Senioren"]
[Site "Bad Zwischenahn(17.11.-29.11.2003)"]
[Date "2003.11.29"]
[Round "9"]
[White "Voelkel, Gustav"]
[Black "Schwagrowski, Bernd"]
[Result "1-0"]
[WhiteElo "1572"]
[BlackElo "1425"]
[PlyCount "72"]


1. d4 d5 2. Nf3 Nc6 3. e3 Nf6 4. Nbd2 g6 5. Be2 Bg7 6. O-O O-O 7. c3 Re8 8. b4
Bf5 9. Qb3 a6 10. a4 e6 11. Bb2 Ne4 12. c4 Ne7 13. c5 Bg4 14. Rfe1 Bxf3 15.
Nxf3 c6 16. Qc2 f5 17. Ne5 Qc7 18. f3 Bxe5 19. dxe5 Ng5 20. Bc3 Kg7 21. Bd2 h5
22. h4 Nf7 23. f4 Nh6 24. b5 axb5 25. axb5 b6 26. cxb6 Qxb6 27. Ra6 Rxa6 28.
bxa6 Nc8 29. Rb1 Qd8 30. Qxc6 Na7 31. Rb7+ Re7 32. Qxe6 Ng8 33. Bb4 Kf8 34.
Bxe7+ Nxe7 35. Rxa7 d4 36. Rd7 Qa5 1-0

[Event "13sen.WMH 2003 Senioren"]
[Site "Bad Zwischenahn(17.11.-29.11.2003)"]
[Date "2003.11.29"]
[Round "9"]
[White "Weyand, Fernand"]
[Black "Grasmik, Waldemar"]
[Result "1-0"]
[WhiteElo "1705"]
[BlackElo "1506"]
[PlyCount "121"]


1. e4 e6 2. d4 d5 3. Nd2 a6 4. Bd3 c6 5. Ngf3 Nf6 6. e5 Ng8 7. O-O Nd7 8. Nb3
b5 9. Ng5 g6 10. Qf3 Nh6 11. Qh3 Nf5 12. g4 Ng7 13. Nxh7 Rg8 14. Nxf8 Nxf8 15.
Bd2 f5 16. g5 Nh5 17. Be2 Rh8 18. Qc3 Bd7 19. f4 Qe7 20. a4 Rc8 21. Nc5 Qh7 22.
Rf2 b4 23. Qxb4 Ng3 24. Bxa6 Ra8 25. Bd3 Ne4 26. Bxe4 fxe4 27. Ra3 Qh5 28. Qc3
Qg4+ 29. Rg2 Qd1+ 30. Kf2 Rh4 31. b4 Ke7 32. Ra1 Qh5 33. Rag1 Rh3 34. Rg3 Rxh2+
35. R1g2 Rh1 36. Be1 Bc8 37. Qe3 Nd7 38. Qe2 Qh4 39. Ke3 Nxc5 40. bxc5 Rxa4 41.
c3 Ba6 42. Qf2 Rf1 43. Qd2 Ra1 44. Bf2 Rad1 45. Qa2 Ra1 46. Qd2 Rfd1 47. Rg4
Qh5 48. Qb2 Rd3+ 49. Ke2 Rxc3+ 50. Kd2 Rd3+ 51. Kc2 Rad1 52. Bg1 Qh8 53. Qb6
Qc8 54. Rh4 Qg8 55. Qxa6 R3d2+ 56. Rxd2 Rxg1 57. Qb7+ Kf8 58. Qc8+ Kg7 59.
Qxg8+ Kxg8 60. Rdh2 e3 61. Rh8+ 1-0

[Event "13sen.WMH 2003 Senioren"]
[Site "Bad Zwischenahn(17.11.-29.11.2003)"]
[Date "2003.11.29"]
[Round "9"]
[White "Zeh, Helmut"]
[Black "Smits, Oswald"]
[Result "1-0"]
[WhiteElo "1757"]
[BlackElo "1644"]
[PlyCount "170"]


1. e4 c5 2. Nc3 e6 3. f4 a6 4. Nf3 Qc7 5. d3 b5 6. e5 d5 7. Be2 Bb7 8. O-O Ne7
9. Qe1 Nbc6 10. Bd1 Nf5 11. g4 Nfd4 12. Qg3 Nxf3+ 13. Bxf3 Qb6 14. Kg2 Nd4 15.
Bd1 h5 16. h3 h4 17. Qf2 Nc6 18. a3 Qc7 19. Re1 Be7 20. Ne2 Rc8 21. c3 Nb8 22.
d4 c4 23. Be3 g6 24. Ng1 Kd7 25. Nf3 Rh7 26. Rf1 Rg8 27. g5 Rgh8 28. Nh2 Ke8
29. Ng4 Nd7 30. Bc2 Bf8 31. Kh2 Bc8 32. Bd2 Bg7 33. Kh1 Nb8 34. a4 Bb7 35. axb5
axb5 36. Ra2 Nc6 37. Rfa1 Ke7 38. Be1 Kd7 39. Qe3 Ne7 40. Bf2 Qb8 41. Nf6+ Bxf6
42. exf6 Nc6 43. Re1 Re8 44. Raa1 Qd8 45. Bd1 Kc7 46. Bf3 Kb8 47. Kg2 Qd7 48.
Kh2 Qd6 49. Bg4 Kc7 50. Kg1 Rd8 51. Rf1 Qd7 52. Qe1 Rdh8 53. Qe2 Qd6 54. Be3
Re8 55. Qf2 Qd7 56. Rae1 Bc8 57. Qh2 Kb7 58. Rf2 Qc7 59. Bd2 Rhh8 60. Rfe2 Bd7
61. Qf2 Rd8 62. Re3 Bc8 63. Bd1 Qd6 64. b3 Kc7 65. bxc4 bxc4 66. Ba4 Nb8 67.
Rb1 Bd7 68. Bxd7 Nxd7 69. Ree1 Rb8 70. Rxb8 Nxb8 71. Rb1 Nd7 72. Bc1 Nb6 73.
Kg2 Na4 74. Ra1 Nb6 75. f5 Kb7 76. fxe6 fxe6 77. Bf4 Qd7 78. Be5 Qf7 79. Qb2
Qd7 80. Qb4 Qc6 81. Qa3 Qd7 82. f7 Qd8 83. Bf6 Qc7 84. Qa7+ Kc6 85. Qxc7+ Kxc7
1-0